000 00580nam a2200229Ia 4500
003 OSt
005 20220918194626.0
006 a|||||r|||| 00| 0
007 ta
008 220917b |||||||| |||| 00| 0 eng d
024 _a80,559
037 _cTextual
040 _aARTS
_cARTS
_beng
041 _2eng
_aeng
082 _aS:7, H3
100 _aHull Clark L
_910619
245 0 _aPrinciples of brehavior
_b an introduction to nehavior theory
260 _c1943
650 _aPSYCHOLOGY
942 _hS:7, H3
_cTEXL
_2CC
999 _c204282
_d204282